000 00344nam a2200145Ia 4500
005 20250424120252.0
008 250424s9999 xx 000 0 und d
022 _a9789784983061
050 _aHD 6490. J68/
245 0 _aJournal of anti- corruption studies
260 _aAbuja
260 _bFortune Magazine
260 _c2013
942 _cSR
999 _c38350
_d38350